00346pab a2200133 454500008004000000100002300040245007200063260000900135300000900144362001100153650002200164650001400186773001200200180718b2001 xxu||||| |||| 00| 0 eng d aReddy, C. Narendra aWhat happened to panchayati raj? people's movement need of the hour c2001 ap.10 a16 Jul aRural development aPanchayat aTribune